1092 1522 1558 1130 1586 1924 1457 1144 1857 1141 1148 1771 1310 1944 1230 1778 1850 1007 1444 1103 1941 1770 1887 1708 1034 1530 1817 1753 1291 1745 1230 1845 1824 1487 1991 1298 1618 1328 1983 1247 1886 1200 1077 1828 1650 1891 1096 1959 1588 1187 1036 1509 1553 1158 1873 1554 1182 1460 1708 1628 1861 1237 1254 1876 1642 1420 1549 1332 1766 1639 1896 1397 1947 1336 1144 1011 1483 1962 1444 1580 1901 1764 1929 1552 1586 1334 1383 1558 1589 1984 1860 1739 1243 1080 1538 1773 1660 1889 1632 BCNSPRNW ULIB Ver.6.0+V

เปลี่ยนเป็นภาษาไทย

Change to English
 แสดงรายละเอียดบรรณานุกรม
  กลับหน้าหลัก

Brief Record : Get Marc (ISO 2709) : E-mail record : QR code < ปิดหน้าต่าง
LEADER : 00000nam 2200000uu 4500
001    13399125709
003     ULIB
008    170716s2559||||th 000 0 tha d
020    ^a9786163202437
060    ^aWB327^bร14
110    ^aคุ้มคำ สำนักพิมพ์
245    ^aรู้เคียงหมอ/^cคุ้มคำ สำนักพิมพ์
260    ^aกรุงเทพฯ :^bคุ้มคำ สำนักพิมพ์,^c2559
300    ^a237 หน้า;^b21 ซม.
650    ^aโรค^xป้องกัน
945    ^p190^l0^i25280
999    ^aกัณชพร
รายการนี้ยังไม่มีแท็ก
คุณยังไม่ได้ล็อกอิน คุณสามารถมีกิจกรรมร่วมกับเว็บไซต์ได้ แต่ต้องล็อกอินก่อน ::
  ล็อกอิน

รายการสื่อสารสนเทศ

ลำดับที่ ประเภท เลขเรียก/บาร์โค้ด สถานที่ สถานะ
1. วิทยาศาสตร์การแพทย์ และสุขภาพ
วิทยาศาสตร์การแพทย์ และสุขภาพ
สถานะ=หนังสือเก่า
WB327 ร14 ฉ.1 
  Barcode: 25280
ห้องสมุดวิทยาเขตนครสวรรค์
►ส่วนจัดเก็บหนังสือเก่า นว.
บนชั้น
  ขอยืม

BibComment


ยังไม่เคยถูกคอมเมนท์

คอมเมนท์ทรัพยากรรายการนี้
  คอมเมนท์: รู้เคียงหมอ คุ้ม..


 Copyright 2026. Bcnsprnw @Library